Необходимость создания научно-образовательного центра для решения актуальных проблем и внедрения современных технологий в системах теплоснабжения; Современные техника и технологии; Т. 2

Chi tiết về thư mục
Parent link:Современные техника и технологии: 12-я международная научно-практическая конференция студентов, аспирантов и молодых ученых, г. Томск, 27 марта - 31 марта 2006 г./ Томский политехнический университет.— , 2006
Т. 2.— 2006.— С. 353-355
Tác giả chính: Дидрих А. В. Александр Валерьевич
Tác giả khác: Губин В. Е. Владимир Евгеньевич, Озеров И. П.
Ngôn ngữ:Tiếng Nga
Được phát hành: 2006
Những chủ đề:
Định dạng: MixedMaterials Chương của sách
KOHA link:https://koha.lib.tpu.ru/cgi-bin/koha/opac-detail.pl?biblionumber=115515

MARC

LEADER 00000naa2a2200000 4500
001 115515
005 20240212155157.0
035 |a (RuTPU)RU\TPU\book\124933 
090 |a 115515 
100 |a 20070510d2006 k y0rusy50 ca 
101 0 |a rus 
102 |a RU 
200 1 |a Необходимость создания научно-образовательного центра для решения актуальных проблем и внедрения современных технологий в системах теплоснабжения  |f А. В. Дидрих, В. Е. Губин, И. П. Озеров 
461 1 |0 (RuTPU)RU\TPU\book\111998  |t Современные техника и технологии  |o 12-я международная научно-практическая конференция студентов, аспирантов и молодых ученых, г. Томск, 27 марта - 31 марта 2006 г.  |o труды в 2 т.  |f Томский политехнический университет  |d 2006 
463 0 |0 (RuTPU)RU\TPU\book\114157  |t Т. 2  |v С. 353-355  |d 2006  |p 518 с. 
610 1 |a научно-образовательные центры 
610 1 |a новые технологии 
610 1 |a системы теплоснабжения 
610 1 |a теплоснабжение 
610 1 |a труды учёных ТПУ 
700 1 |a Дидрих  |b А. В.  |c российский ученый, специалист в области теплоэнергетики  |c ассистент Томского политехнического университета  |f 1983-  |g Александр Валерьевич  |3 (RuTPU)RU\TPU\pers\29605 
701 1 |a Губин  |b В. Е.  |c специалист в области энергетики  |c доцент Томского политехнического университета, кандидат технических наук  |f 1976-  |g Владимир Евгеньевич  |3 (RuTPU)RU\TPU\pers\25985  |9 11834 
701 1 |a Озеров  |b И. П. 
801 1 |a RU  |b 63413507  |c 20070510  |g PSBO 
801 2 |a RU  |b 63413507  |c 20191216  |g RCR 
942 |c BK